[Event "ROM-chT"]
[Site "Eforie Nord"]
[Date "2023.09.21"]
[Round "1.1"]
[White "Sarighioleanu, Sebastian Laurentiu"]
[Black "Iordachescu, Viorel"]
[Result "0-1"]
[WhiteElo "1964"]
[BlackElo "2584"]
[PlyCount "48"]
[EventDate "2023.09.21"]
[EventType "team-tourn"]
[EventRounds "9"]
[EventCountry "ROU"]
[SourceTitle "CBM 216 Extra"]
[Source "ChessBase"]
[SourceDate "2023.11.30"]
[SourceVersion "1"]
[SourceVersionDate "2023.11.30"]
[SourceQuality "1"]
[WhiteTeam "Urziceni Viitorul"]
[BlackTeam "Arad Vados"]
[WhiteTeamCountry "ROU"]
[BlackTeamCountry "ROU"]

1. d4 Nf6 2. Nf3 g6 3. c4 Bg7 4. Nc3 d5 5. Bf4 0-0 6. Rc1 dxc4 7. e4 Bg4 8. Bxc4 Bxf3 9. gxf3 e6 10. 0-0 Nh5 11. Be3 Nc6 12. Ne2 Qh4 13. Bb5 Nxd4 14. Bxd4 Rad8 15. Kh1 e5 16. Bxa7 Rxd1 17. Rfxd1 b6 18. Kg2 Qg5+ 19. Kf1 Rd8 20. a3 Bf8 21. Rxd8 Qxd8 22. b4 Bd6 23. Bc6 Qc8 24. Kg2 Qa6 0-1

[Event "ROM-ch"]
[Site "Eforie Nord"]
[Date "2022.02.24"]
[Round "6"]
[White "Voiteanu, Christian Gabriel"]
[Black "Sarighioleanu, Sebastian Laurentiu"]
[Result "1-0"]
[WhiteElo "2207"]
[BlackElo "2045"]
[PlyCount "67"]
[EventDate "2022.02.20"]
[EventType "swiss"]
[EventRounds "9"]
[EventCountry "ROU"]
[SourceTitle "CBM 207 Extra"]
[Source "ChessBase"]
[SourceDate "2022.05.31"]
[SourceVersion "1"]
[SourceVersionDate "2022.05.31"]
[SourceQuality "1"]

1. d4 Nf6 2. c4 g6 3. Nc3 Bg7 4. e4 d6 5. Be2 0-0 6. Be3 Nc6 7. g4 e5 8. d5 Nd4 9. g5 Nd7 10. Nf3 f5 11. h4 Nc5 12. Nxd4 exd4 13. Bxd4 fxe4 14. Bxg7 Kxg7 15. Qd4+ Kg8 16. b4 Nd3+ 17. Bxd3 exd3 18. 0-0-0 Bf5 19. f4 Qd7 20. Rde1 Rae8 21. Kd2 a6 22. Rxe8 Rxe8 23. Re1 Rxe1 24. Kxe1 Qe8+ 25. Kd2 b6 26. Qf6 b5 27. cxb5 axb5 28. h5 c5 29. h6 Qd7 30. bxc5 b4 31. Na4 dxc5 32. Nxc5 Qa7 33. Qb2 Qc7 34. Qe5 1-0

[Event "ROM-chT"]
[Site "Mamaia"]
[Date "2021.10.08"]
[Round "9.3"]
[White "Sarighioleanu, Sebastian Laurentiu"]
[Black "Stoleriu, George"]
[Result "1/2-1/2"]
[WhiteElo "1986"]
[BlackElo "2373"]
[PlyCount "88"]
[EventDate "2021.10.02"]
[EventType "team-tourn"]
[EventRounds "11"]
[EventCountry "ROU"]
[SourceTitle "CBM 204 Extra"]
[Source "ChessBase"]
[SourceDate "2021.11.30"]
[SourceVersion "1"]
[SourceVersionDate "2021.11.30"]
[SourceQuality "1"]
[WhiteTeam "Urziceni Viitorul"]
[BlackTeam "Iasi Politehnica"]
[WhiteTeamCountry "ROU"]
[BlackTeamCountry "ROU"]

1. d4 e6 2. Nf3 Nf6 3. c4 Bb4+ 4. Bd2 Qe7 5. g3 Bxd2+ 6. Qxd2 d6 7. Nc3 0-0 8. Bg2 Re8 9. 0-0 e5 10. e4 Bg4 11. Ne1 Nc6 12. Nc2 exd4 13. Nxd4 Nxd4 14. Qxd4 Qe5 15. Qd2 h5 16. h3 Bd7 17. Rae1 Qc5 18. b3 Bc6 19. Nd5 Bxd5 20. exd5 a5 21. Bf3 Qb4 22. Qd1 g6 23. Kg2 b6 24. Qa1 Nd7 25. Be4 a4 26. Qb1 Kg7 27. Qb2+ Kh7 28. g4 h4 29. Re3 axb3 30. axb3 b5 31. Rfe1 Kg8 32. Qc2 Kg7 33. Bxg6 Rxe3 34. Rxe3 Ne5 35. Bh5 bxc4 36. Qf5 Qb6 37. Qg5+ Kf8 38. Qf6 Qxe3 39. fxe3 Ra2+ 40. Kf1 cxb3 41. Qd8+ Kg7 42. Qg5+ Kf8 43. Qd8+ Kg7 44. Qg5+ Kf8 1/2-1/2

[Event "ROM-chT"]
[Site "Mamaia"]
[Date "2021.10.07"]
[Round "8.3"]
[White "Oprisor, Razvan Gabriel"]
[Black "Sarighioleanu, Sebastian Laurentiu"]
[Result "1-0"]
[WhiteElo "2192"]
[BlackElo "1986"]
[PlyCount "65"]
[EventDate "2021.10.02"]
[EventType "team-tourn"]
[EventRounds "11"]
[EventCountry "ROU"]
[SourceTitle "CBM 204 Extra"]
[Source "ChessBase"]
[SourceDate "2021.11.30"]
[SourceVersion "1"]
[SourceVersionDate "2021.11.30"]
[SourceQuality "1"]
[WhiteTeam "Targoviste"]
[BlackTeam "Urziceni Viitorul"]
[WhiteTeamCountry "ROU"]
[BlackTeamCountry "ROU"]

1. e4 c5 2. Nc3 e6 3. f4 Nc6 4. Nf3 d6 5. Bb5 Bd7 6. d3 g6 7. 0-0 Bg7 8. Bxc6 bxc6 9. Qe1 Ne7 10. e5 Nf5 11. Ne4 Qb6 12. Qf2 Bf8 13. Nf6+ Kd8 14. Ng5 Be8 15. g4 Nd4 16. c3 Nb5 17. a4 Nc7 18. exd6 Bxd6 19. Nfe4 Be7 20. Be3 h6 21. Nh3 Nd5 22. Bxc5 Bxc5 23. Nxc5 Rb8 24. b4 Kc8 25. Qd4 Rg8 26. g5 h5 27. Nf2 Qd8 28. Nfe4 Qe7 29. a5 Bd7 30. Rae1 Rd8 31. Na6 Rb7 32. c4 Be8 33. cxd5 1-0

[Event "ROM-chT"]
[Site "Mamaia"]
[Date "2021.10.05"]
[Round "5.1"]
[White "Sarighioleanu, Sebastian Laurentiu"]
[Black "Calin, Alexandru"]
[Result "1/2-1/2"]
[WhiteElo "1986"]
[BlackElo "2123"]
[PlyCount "20"]
[EventDate "2021.10.02"]
[EventType "team-tourn"]
[EventRounds "11"]
[EventCountry "ROU"]
[SourceTitle "CBM 204 Extra"]
[Source "ChessBase"]
[SourceDate "2021.11.30"]
[SourceVersion "1"]
[SourceVersionDate "2021.11.30"]
[SourceQuality "1"]
[WhiteTeam "Urziceni Viitorul"]
[BlackTeam "Techirghiol Victoria"]
[WhiteTeamCountry "ROU"]
[BlackTeamCountry "ROU"]

1. d4 d5 2. c4 c6 3. Nc3 e6 4. e3 Nf6 5. Nf3 Nbd7 6. Qc2 Be7 7. b3 0-0 8. Bd3 b6 9. 0-0 Bb7 10. Bb2 Bc8 1/2-1/2

[Event "ROM-ch U18"]
[Site "Mamaia"]
[Date "2021.04.13"]
[Round "9"]
[White "Sarighioleanu, Sebastian Laurentiu"]
[Black "Isfan, Ioan Marius"]
[Result "1-0"]
[WhiteElo "1902"]
[BlackElo "2263"]
[PlyCount "108"]
[EventDate "2021.04.07"]
[EventType "swiss"]
[EventRounds "9"]
[EventCountry "ROU"]
[SourceTitle "EXT 2022"]
[Source "ChessBase"]
[SourceDate "2021.10.06"]
[SourceVersion "1"]
[SourceVersionDate "2021.10.06"]
[SourceQuality "1"]

1. d4 d5 2. c4 e6 3. Nc3 Nf6 4. cxd5 exd5 5. Bg5 Be7 6. Nf3 Nbd7 7. e3 0-0 8. Qc2 Re8 9. Bd3 c6 10. 0-0 h6 11. Bf4 Nh5 12. Nxd5 Nxf4 13. Nxf4 Bd6 14. Ne2 Nf8 15. e4 Bg4 16. Rad1 Bxf3 17. gxf3 Qh4 18. e5 Bc7 19. Bc4 c5 20. Ng3 Rac8 21. Qb3 Ne6 22. Bxe6 fxe6 23. d5 Bxe5 24. dxe6 Rc6 25. Rfe1 c4 26. Qxb7 Rcxe6 27. Re4 Qf6 28. Rxc4 Bxb2 29. Rc8 a6 30. Rxe8+ Rxe8 31. Qd5+ Kh8 32. Kg2 Rf8 33. Rd3 Be5 34. Re3 Re8 35. Qd7 Rf8 36. Qd5 Re8 37. Qe4 Re7 38. Qa8+ Kh7 39. Qe4+ Qg6 40. Qd5 Bf6 41. Rxe7 Bxe7 42. Qe4 Bd6 43. Kf1 Bc7 44. Ke2 h5 45. Nxh5 Bxh2 46. Ng3 Qxe4+ 47. fxe4 Kg6 48. Kf3 Kf6 49. Kg2 Bxg3 50. Kxg3 a5 51. Kf4 g5+ 52. Kg4 a4 53. a3 Ke5 54. f3 Kf6 1-0

[Event "Romania blitz online op final"]
[Site "Chess.com INT"]
[Date "2020.05.06"]
[Round "6"]
[White "Sarighioleanu, Sebastian Laurentiu"]
[Black "Ciolacu, Alessia Mihaela"]
[Result "1-0"]
[WhiteElo "1945"]
[BlackElo "2052"]
[PlyCount "99"]
[EventDate "2020.05.06"]
[EventType "swiss (blitz)"]
[EventRounds "9"]
[EventCountry "ROU"]
[SourceTitle "CBM 196 Extra"]
[Source "ChessBase"]
[SourceDate "2020.07.31"]
[SourceVersion "1"]
[SourceVersionDate "2020.07.31"]
[SourceQuality "1"]

1. d4 Nf6 2. c4 e6 3. Nf3 b6 4. a3 Bb7 5. Nc3 g6 6. d5 Bg7 7. e4 exd5 8. exd5 0-0 9. Be2 c6 10. 0-0 cxd5 11. cxd5 d6 12. Bg5 h6 13. Bh4 Nbd7 14. Re1 a6 15. Rc1 Ra7 16. Bf1 Qa8 17. Re7 Bxd5 18. Nxd5 Nxd5 19. Re2 Ne5 20. Rd2 Nf4 21. Bg3 Nxf3+ 22. gxf3 Ne6 23. Bxd6 Rd8 24. Bg3 Rxd2 25. Qxd2 Ng5 26. Bg2 Kh7 27. Qe3 Qd8 28. b4 Rd7 29. Re1 Bd4 30. Qc1 Ne6 31. Qb1 Ng7 32. Qe4 Nf5 33. Be5 Re7 34. f4 Bc3 35. Rc1 Qd2 36. Qc2 Qxc2 37. Rxc2 Bxe5 38. fxe5 Rxe5 39. Rc6 Re6 40. Rc7 Kg7 41. Bd5 Rf6 42. Ra7 b5 43. Bb7 Rb6 44. Bxa6 Nd6 45. Ra8 Rc6 46. Ra7 Kf6 47. Kg2 Rc3 48. Bb7 Rb3 49. Bd5 Rd3 50. Bc6 1-0

[Event "ROM-ch U14"]
[Site "Calimanesti"]
[Date "2018.04.02"]
[Round "8"]
[White "Antonica, Dragos Andrei"]
[Black "Sarighioleanu, Sebastian Laurentiu"]
[Result "1-0"]
[WhiteElo "2155"]
[BlackElo "1811"]
[PlyCount "110"]
[EventDate "2018.03.27"]
[EventType "swiss"]
[EventRounds "9"]
[EventCountry "ROU"]
[SourceTitle "CBM 183 Extra"]
[Source "ChessBase"]
[SourceDate "2018.04.19"]
[SourceVersion "1"]
[SourceVersionDate "2018.04.19"]
[SourceQuality "1"]

1. d4 Nf6 2. c4 e6 3. Nc3 Bb4 4. Qc2 0-0 5. Nf3 c5 6. dxc5 Na6 7. a3 Bxc3+ 8. Qxc3 Nxc5 9. Bg5 Nce4 10. Bxf6 Qxf6 11. Qc2 d5 12. e3 b6 13. Bd3 Bb7 14. cxd5 Rac8 15. Qb1 exd5 16. 0-0 h6 17. Qa2 Rfd8 18. Nd4 Re8 19. b4 Re7 20. a4 Rc3 21. Qe2 Nd6 22. Rfc1 Rec7 23. Qd2 Rxc1+ 24. Rxc1 Qe7 25. h3 Qd7 26. a5 Nc4 27. Qa2 b5 28. Nb3 a6 29. Nc5 Qd6 30. Qa1 Bc8 31. Qd4 Rc6 32. e4 Be6 33. Rd1 Qe5 34. Qxe5 Nxe5 35. exd5 Bxd5 36. Bxb5 axb5 37. Rxd5 Nc4 38. Rd8+ Kh7 39. a6 Rc7 40. Rd7 Rc8 41. Rxf7 Ne5 42. Rb7 Nc6 43. Rxb5 Nxb4 44. Rxb4 Rxc5 45. Ra4 Rc8 46. a7 Ra8 47. Ra6 Kg8 48. f4 Kf7 49. g4 Ke7 50. Kf2 Kf7 51. Kf3 Ke7 52. Ke4 Kd8 53. Kf5 Ke7 54. Kg6 Kf8 55. h4 Kg8 1-0

[Event "ROM-ch U14"]
[Site "Calimanesti"]
[Date "2018.03.29"]
[Round "4"]
[White "Mintau, Andrei Catalin"]
[Black "Sarighioleanu, Sebastian Laurentiu"]
[Result "1-0"]
[WhiteElo "1956"]
[BlackElo "1811"]
[PlyCount "51"]
[EventDate "2018.03.27"]
[EventType "swiss"]
[EventRounds "9"]
[EventCountry "ROU"]
[SourceTitle "CBM 183 Extra"]
[Source "ChessBase"]
[SourceDate "2018.04.19"]
[SourceVersion "1"]
[SourceVersionDate "2018.04.19"]
[SourceQuality "1"]

1. e4 c5 2. Nf3 e6 3. d4 cxd4 4. Nxd4 a6 5. Nc3 Qc7 6. g3 Bb4 7. Bd2 Nc6 8. Nb3 Nf6 9. Bg2 0-0 10. 0-0 e5 11. Nd5 Nxd5 12. exd5 Bxd2 13. Qxd2 Na7 14. d6 Qd8 15. Qd5 Nc6 16. f4 Qf6 17. c3 Rb8 18. Rae1 exf4 19. Rxf4 Qd8 20. Qh5 b6 21. Ref1 g6 22. Qh6 g5 23. Be4 f5 24. Rxf5 Rxf5 25. Bxf5 Ne5 26. Bxh7+ 1-0

[Event "ROM-ch U14"]
[Site "Baile Felix"]
[Date "2017.02.07"]
[Round "7"]
[White "Padurariu, Mihai Edward"]
[Black "Sarighioleanu, Sebastian Laurentiu"]
[Result "1-0"]
[WhiteElo "1860"]
[BlackElo "1704"]
[PlyCount "85"]
[EventDate "2017.02.02"]
[EventType "swiss"]
[EventRounds "9"]
[EventCountry "ROU"]
[SourceTitle "CBM 176 Extra"]
[Source "ChessBase"]
[SourceDate "2017.03.02"]
[SourceVersion "1"]
[SourceVersionDate "2017.03.02"]
[SourceQuality "1"]

1. c4 e6 2. e4 c5 3. Nc3 Nc6 4. g3 a6 5. Bg2 Nf6 6. d3 Be7 7. Nge2 0-0 8. 0-0 Qc7 9. h3 Rb8 10. a4 d6 11. Be3 b6 12. f4 Bb7 13. g4 Rbd8 14. g5 Ne8 15. f5 Nd4 16. Nxd4 cxd4 17. Bxd4 Bxg5 18. fxe6 fxe6 19. Qg4 Bf6 20. Bxf6 Nxf6 21. Qxe6+ Kh8 22. Qf5 Nd7 23. Qg5 Ne5 24. Qe3 Rxf1+ 25. Rxf1 Qc5 26. d4 Nxc4 27. dxc5 Nxe3 28. Rf7 Bc8 29. cxb6 Kg8 30. Rc7 Be6 31. Nd5 Nxd5 32. exd5 Bd7 33. b7 a5 34. Rxd7 Rxd7 35. b8Q+ Kf7 36. Qc8 Re7 37. Qd8 Re1+ 38. Kh2 Rb1 39. Qxd6 Rxb2 40. Qe6+ Kf8 41. d6 Rb6 42. Qe7+ Kg8 43. Qe8# 1-0

[Event "ROM-ch U14"]
[Site "Baile Felix"]
[Date "2017.02.05"]
[Round "5"]
[White "Sarighioleanu, Sebastian Laurentiu"]
[Black "Gheorghiu, Alexandru Dan"]
[Result "1-0"]
[WhiteElo "1704"]
[BlackElo "1712"]
[PlyCount "73"]
[EventDate "2017.02.02"]
[EventType "swiss"]
[EventRounds "9"]
[EventCountry "ROU"]
[SourceTitle "CBM 176 Extra"]
[Source "ChessBase"]
[SourceDate "2017.03.02"]
[SourceVersion "1"]
[SourceVersionDate "2017.03.02"]
[SourceQuality "1"]

1. d4 d5 2. Bg5 Nf6 3. e3 e6 4. Nd2 Be7 5. Bd3 h6 6. Bh4 0-0 7. f4 b6 8. Ngf3 Bb7 9. 0-0 Nbd7 10. Ne5 Ne4 11. Bxe7 Qxe7 12. Nxd7 Qxd7 13. Nf3 f5 14. Ne5 Qd6 15. c3 c5 16. Qe2 c4 17. Bxe4 fxe4 18. h4 Bc6 19. g4 Kh7 20. g5 a5 21. Qg4 Be8 22. Kh2 Ra7 23. Rg1 b5 24. h5 hxg5 25. fxg5 g6 26. Raf1 Rf5 27. Rxf5 exf5 28. Qf4 Qe6 29. Rg3 Rg7 30. hxg6+ Bxg6 31. Rh3+ Kg8 32. Rh6 Rh7 33. Qh4 Rxh6 34. Qxh6 Bf7 35. g6 Be8 36. Qh7+ Kf8 37. g7+ 1-0

[Event "EU-ch U12 26th"]
[Site "Prague"]
[Date "2016.08.26"]
[Round "8"]
[White "Sarighioleanu, Sebastian Laurentiu"]
[Black "Vojta, Jakub"]
[Result "1/2-1/2"]
[WhiteElo "1572"]
[BlackElo "1771"]
[PlyCount "75"]
[EventDate "2016.08.18"]
[EventType "swiss"]
[EventRounds "9"]
[EventCountry "CZE"]
[SourceTitle "CBM 174 Extra"]
[Source "ChessBase"]
[SourceDate "2016.10.10"]
[SourceVersion "1"]
[SourceVersionDate "2016.10.10"]
[SourceQuality "1"]

1. e4 c5 2. Nf3 d6 3. d4 cxd4 4. Nxd4 Nf6 5. Nc3 a6 6. Be3 e6 7. f3 b5 8. Qd2 Bb7 9. 0-0-0 Nbd7 10. g4 Nb6 11. g5 Nfd7 12. Qf2 Rc8 13. Kb1 Be7 14. Rg1 b4 15. Nce2 Qc7 16. Nc1 d5 17. Bd3 dxe4 18. fxe4 Nc4 19. h4 Nxe3 20. Qxe3 Bc5 21. Rgf1 Ne5 22. Ncb3 Bb6 23. Qe2 Nc4 24. Rf3 0-0 25. Rdf1 Bxd4 26. Nxd4 Nxb2 27. Nxe6 fxe6 28. Rxf8+ Rxf8 29. Rxf8+ Kxf8 30. Kxb2 Qe5+ 31. Kb1 Qd4 32. Qf3+ Ke7 33. Qf4 Qd6 34. Qf2 Qc6 35. Qd4 Qc3 36. Qa7 Qc6 37. Qd4 Qc3 38. Qa7 1/2-1/2

[Event "EU-ch U12 26th"]
[Site "Prague"]
[Date "2016.08.18"]
[Round "1"]
[White "Ben Ari, Yannay"]
[Black "Sarighioleanu, Sebastian Laurentiu"]
[Result "1-0"]
[WhiteElo "1883"]
[BlackElo "1572"]
[PlyCount "121"]
[EventDate "2016.08.18"]
[EventType "swiss"]
[EventRounds "9"]
[EventCountry "CZE"]
[SourceTitle "CBM 174 Extra"]
[Source "ChessBase"]
[SourceDate "2016.10.10"]
[SourceVersion "1"]
[SourceVersionDate "2016.10.10"]
[SourceQuality "1"]

1. b3 e5 2. Bb2 Nc6 3. e3 d5 4. Bb5 Bd6 5. Nf3 Bg4 6. h3 Bxf3 7. Qxf3 Nge7 8. Nc3 a6 9. Bxc6+ bxc6 10. 0-0-0 0-0 11. d3 Nc8 12. g4 Qe7 13. Rdg1 Ba3 14. g5 Bxb2+ 15. Kxb2 Nd6 16. Qh5 g6 17. Qf3 f6 18. gxf6 Qxf6 19. Qg3 e4 20. Rh2 Nb5 21. d4 Nxc3 22. Kxc3 Qd6 23. Qg2 c5 24. h4 cxd4+ 25. exd4 c5 26. h5 cxd4+ 27. Kb2 Rf6 28. Qh3 Qe6 29. hxg6 Qxh3 30. gxh7+ Kxh7 31. Rxh3+ Rh6 32. Rxh6+ Kxh6 33. Rd1 Re8 34. Rxd4 Re5 35. Kc3 Kg5 36. Kd2 Kf4 37. Ke2 Rf5 38. c4 dxc4 39. Rxc4 Ra5 40. a4 Re5 41. b4 a5 42. b5 Kf5 43. Ke3 Re7 44. b6 Rb7 45. Rc5+ Ke6 46. Rb5 Kd6 47. Kxe4 Kc6 48. f4 Re7+ 49. Kf5 Kb7 50. Rxa5 Kxb6 51. Re5 Rf7+ 52. Kg5 Kc6 53. f5 Kd6 54. Re6+ Kd5 55. a5 Rf8 56. a6 Rf7 57. Rb6 Ke4 58. f6 Ke5 59. Kg6 Rf8 60. f7 Ra8 61. Kg7 1-0

[Event "ROM-ch U12"]
[Site "Calimanesti Caciulata"]
[Date "2016.04.25"]
[Round "9"]
[White "Bonciu, David"]
[Black "Sarighioleanu, Sebastian Laurentiu"]
[Result "1/2-1/2"]
[WhiteElo "1663"]
[BlackElo "1535"]
[PlyCount "114"]
[EventDate "2016.04.18"]
[EventType "swiss"]
[EventRounds "9"]
[EventCountry "ROU"]
[SourceTitle "EXT 2017"]
[Source "ChessBase"]
[SourceDate "2016.10.25"]
[SourceVersion "1"]
[SourceVersionDate "2016.10.25"]
[SourceQuality "1"]

1. e4 c5 2. Nf3 d6 3. d4 cxd4 4. Nxd4 Nf6 5. Nc3 a6 6. Qf3 e5 7. Nf5 Bxf5 8. Qxf5 Be7 9. Be3 Nc6 10. 0-0-0 Qc7 11. g4 Qc8 12. Qxc8+ Rxc8 13. Be2 h6 14. h4 0-0 15. Rh2 Kh7 16. g5 Ne8 17. gxh6 gxh6 18. Bg4 Rd8 19. Bf5+ Kh8 20. Rg1 Nf6 21. Bxh6 Rg8 22. Rhg2 Rxg2 23. Rxg2 Rg8 24. Rxg8+ Nxg8 25. Bg5 Bxg5+ 26. hxg5 Nge7 27. Bg4 Kg7 28. Bh5 Nd4 29. Nd5 Nxd5 30. exd5 Nf5 31. Kd2 Ne7 32. c4 f6 33. gxf6+ Kxf6 34. Ke3 Kg5 35. Bf7 Nf5+ 36. Ke4 Kf6 37. Be6 Ne7 38. b4 b6 39. f3 Ng6 40. a4 Nf4 41. Bc8 a5 42. bxa5 bxa5 43. Bd7 Ng6 44. Bb5 Ke7 45. Kf5 Nh4+ 46. Kg4 Ng2 47. Kg5 Nf4 48. Kf5 Nd3 49. Kg5 Nc5 50. Kf5 Nd3 51. Ke4 Nc5+ 52. Kf5 Nd3 53. Bc6 Nc5 54. Kg5 Nd3 55. Bb5 Nc5 56. Kf5 Nd3 57. Kg5 Nc5 1/2-1/2

[Event "ROM-ch U12"]
[Site "Calimanesti"]
[Date "2015.04.04"]
[Round "7"]
[White "Juravle, Mihnea Marian"]
[Black "Sarighioleanu, Sebastian Laurentiu"]
[Result "1-0"]
[WhiteElo "1521"]
[BlackElo "1591"]
[PlyCount "49"]
[EventDate "2015.03.30"]
[EventType "swiss"]
[EventRounds "9"]
[EventCountry "ROU"]
[SourceTitle "CBM 165 Extra"]
[Source "ChessBase"]
[SourceDate "2015.04.21"]
[SourceVersion "1"]
[SourceVersionDate "2015.04.21"]
[SourceQuality "1"]

1. e4 c5 2. Nf3 d6 3. d4 cxd4 4. Nxd4 Nf6 5. Nc3 a6 6. Bg5 e5 7. Nf5 Bxf5 8. Bxf6 Qxf6 9. Nd5 Qd8 10. exf5 Nd7 11. Qd2 Nb6 12. 0-0-0 Nxd5 13. Qxd5 Qd7 14. g4 Be7 15. Bg2 Rb8 16. Rhe1 Qc7 17. f4 f6 18. Re2 b6 19. Red2 Qc5 20. Qe6 a5 21. Rxd6 Kf8 22. Bd5 Qxd5 23. R6xd5 Bc5 24. Rd7 Re8 25. Qf7# 1-0